Sổ tay bê tông và bê tông cốt thép

Cuốn sách giúp bạn chọn vật liệu để chế tạo từng loại bêtông và bêtông cốt thép, một số chú ý khi dùng bêtông và bêtông cốt thép.

Tallennettuna:
Bibliografiset tiedot
Päätekijä: Nguyễn, Bá Đô
Aineistotyyppi: Kirja
Kieli:Undetermined
Julkaistu: Hà Nội Khoa học và Kỹ thuật 2005
Aiheet:
Tagit: Lisää tagi
Ei tageja, Lisää ensimmäinen tagi!
Thư viện lưu trữ: Trung tâm Học liệu Trường Đại học Cần Thơ
LEADER 00844nam a2200205Ia 4500
001 CTU_106547
008 210402s9999 xx 000 0 und d
020 |c 16000 
082 |a 624.1834 
082 |b Đ450 
100 |a Nguyễn, Bá Đô 
245 0 |a Sổ tay bê tông và bê tông cốt thép 
245 0 |c Nguyễn Bá Đô (chủ biên) 
260 |a Hà Nội 
260 |b Khoa học và Kỹ thuật 
260 |c 2005 
520 |a Cuốn sách giúp bạn chọn vật liệu để chế tạo từng loại bêtông và bêtông cốt thép, một số chú ý khi dùng bêtông và bêtông cốt thép. 
650 |a Reinforced concrete,Concrete construction 
904 |i Minh, Q. Hiếu (dịch) 
980 |a Trung tâm Học liệu Trường Đại học Cần Thơ